Las empresas multinacionales y el desarrollo

সংরক্ষণ করুন:
গ্রন্থ-পঞ্জীর বিবরন
প্রধান লেখক: Granell Trias, Francisco (Author)
বিন্যাস: গ্রন্থ
ভাষা:স্প্যানিশ
প্রকাশিত: Barcelona Ariel 1974
মালা:Laureano Figuerola
বিষয়গুলি:
ট্যাগগুলো: ট্যাগ যুক্ত করুন
কোনো ট্যাগ নেই, প্রথমজন হিসাবে ট্যাগ করুন!

MARC

LEADER 00000nam a2200000 a 4500
001 UCR8705
003 CL-VaPUC
008 980529e19740000SP |||||||||||||||||spa|d
082 0 4 |a 338.88  |b GRA  |2 21 
100 0 |a Granell Trias, Francisco  |e author  |9 410809 
245 1 4 |a Las empresas multinacionales y el desarrollo 
300 |a 271 p 
942 |c BK 
945 |d 19980529 00:00:00  |a crobeson 
260 |a Barcelona  |b Ariel  |c 1974 
650 0 |a Multinacionales  |9 256382 
650 0 |a Desarrollo económico  |9 259599 
650 0 |a Inversiones  |9 261520 
583 |a last modification  |c 19980529 00:00:00  |k Rodrigo Vera 
490 0 |a Laureano Figuerola 
999 |c 270101  |d 270099 
952 |0 0  |1 0  |4 0  |6 338_880000000000000_GRA_1974  |7 0  |8 A  |9 304221  |a BIBENE  |b BIBENE  |d 2019-11-20  |i 1405470  |o 338.88 GRA 1974  |p 1405470  |r 2025-01-15  |w 2019-11-20  |y BK  |k ICO